مكتبة جامعة عجلون الوطنية

فهرس بحث المكتبة

Normal view MARC view
  • Hearing impaired children-Language- Education

Entry Topical Term

Number of records used in: 1

001 - CONTROL NUMBER

  • control field: 29

003 - CONTROL NUMBER IDENTIFIER

  • control field: JO-AjAnu

005 - DATE AND TIME OF LATEST TRANSACTION

  • control field: 20230606070315.0

008 - FIXED-LENGTH DATA ELEMENTS

  • fixed length control field: 230606|| aca||aabn | a|a d

040 ## - CATALOGING SOURCE

  • Original cataloging agency: JO-AjAnu
  • Transcribing agency: JO-AjAnu

150 ## - HEADING--TOPICAL TERM

  • Topical term or geographic name entry element: Hearing impaired children-Language- Education

670 ## - SOURCE DATA FOUND

  • Source citation: Work cat.: (JO-AjAnu)18: Easterbrooks, Susan R/ Estes, Ellen L , author 28, Helping deaf and hard of hearing students to use spoken language: A Guide for educators and families